[Event "Forcing Moves Winter-1"]
[Site "Mississauga CAN"]
[Date "2023.01.29"]
[Round "5.1"]
[White "Chen, Max"]
[Black "Sharma, Vishruth"]
[Result "1/2-1/2"]
[WhiteElo "2363"]
[BlackElo "2219"]
[PlyCount "91"]
[EventDate "2023.01.28"]
[EventType "swiss"]
[EventRounds "5"]
[EventCountry "CAN"]

1. e4 e5 2. Nf3 Nc6 3. Bc4 Nf6 4. d3 h6 5. O-O d6 6. c3 g5 7. Be3 Bg7 8. Nbd2
O-O 9. d4 exd4 10. Nxd4 Ne5 11. Bb3 Nfg4 12. Nf5 Bxf5 13. exf5 Re8 14. h3 Nxe3
15. fxe3 Nd7 16. Qf3 Qe7 17. Rfe1 Nc5 18. Bc2 a5 19. Nf1 a4 20. a3 Ne4 21. Rad1
Ra5 22. Ng3 Nxg3 23. Qxg3 Qe5 24. Qf3 c6 25. Rd4 Rea8 26. f6 Qxf6 27. Qxf6 Bxf6
28. Rxd6 Kg7 29. Rf1 Be7 30. Rd7 Re5 31. Rf3 b5 32. Kf2 Rd8 33. Rxd8 Bxd8 34.
Rf5 Re6 35. Ke2 Bb6 36. e4 Bc7 37. c4 Re5 38. Rxe5 Bxe5 39. b3 Bb2 40. bxa4
bxc4 41. a5 Bxa3 42. a6 Bc5 43. Ba4 Kf6 44. Bxc6 Ke5 45. Bd5 f5 46. Bxc4
1/2-1/2

[Event "Forcing Moves Winter-1"]
[Site "Mississauga CAN"]
[Date "2023.01.29"]
[Round "5.2"]
[White "Lu, Tony"]
[Black "Reshetniak, Vitaliy"]
[Result "1/2-1/2"]
[WhiteElo "2001"]
[BlackElo "2160"]
[PlyCount "64"]
[EventDate "2023.01.28"]
[EventType "swiss"]
[EventRounds "5"]
[EventCountry "CAN"]

1. e4 c5 2. Nc3 a6 3. g3 b5 4. Bg2 Bb7 5. Nge2 e6 6. O-O Nf6 7. d3 d6 8. f4 Qc7
9. h3 h5 10. Be3 Nbd7 11. f5 e5 12. Qd2 Be7 13. b3 Rc8 14. a4 b4 15. Nd1 d5 16.
exd5 Bxd5 17. Bg5 Bxg2 18. Kxg2 Qc6+ 19. Kg1 Nb6 20. Nf2 Nbd5 21. Rae1 Qd7 22.
g4 hxg4 23. hxg4 Nh7 24. Bxe7 Qxe7 25. Kg2 Qg5 26. Qxg5 Nxg5 27. Nd1 f6 28. Rh1
Kd7 29. Ng3 Ke7 30. Nh5 Kf7 31. Ne3 Nxe3+ 32. Rxe3 Rhd8 1/2-1/2

[Event "Forcing Moves Winter-1"]
[Site "Mississauga CAN"]
[Date "2023.01.29"]
[Round "5.3"]
[White "Wang, Andy"]
[Black "Zhong, Ryan Yunhui"]
[Result "0-1"]
[WhiteElo "1899"]
[BlackElo "1980"]
[PlyCount "58"]
[EventDate "2023.01.28"]
[EventType "swiss"]
[EventRounds "5"]
[EventCountry "CAN"]

1. e4 e6 2. d4 d5 3. Nc3 Nf6 4. Bg5 dxe4 5. Nxe4 Nbd7 6. Bd3 Be7 7. Nxf6+ Nxf6
8. Nf3 O-O 9. O-O b6 10. Qe2 Bb7 11. Rfd1 h6 12. Bf4 Bd6 13. Ne5 Qe7 14. c3 c5
15. dxc5 Bxc5 16. b4 Bd6 17. Nc6 Qc7 18. Ne7+ Kh8 19. Bxd6 Qxd6 20. Ng6+ fxg6
21. Bxg6 Qf4 22. g3 Qg5 23. Bd3 Ng4 24. Rf1 Bf3 25. Qc2 Nxh2 26. Rfb1 Qh5 27.
Be2 Qh3 28. Bf1 Nxf1 29. Rxf1 Qh1# 0-1

[Event "Forcing Moves Winter-1"]
[Site "Mississauga CAN"]
[Date "2023.01.29"]
[Round "5.4"]
[White "Cater, Brendan"]
[Black "Brajkovic, Nikola"]
[Result "0-1"]
[WhiteElo "1854"]
[BlackElo "1926"]
[PlyCount "100"]
[EventDate "2023.01.28"]
[EventType "swiss"]
[EventRounds "5"]
[EventCountry "CAN"]

1. e4 d6 2. d4 g6 3. f3 Bg7 4. Be3 Nf6 5. Qd2 h5 6. h4 Nbd7 7. Ne2 e5 8. d5 Nb6
9. Na3 Bd7 10. c4 O-O 11. Bh6 Qe7 12. g4 hxg4 13. Ng3 Nh5 14. Nxh5 gxh5 15.
O-O-O Kh7 16. Bxg7 Kxg7 17. Bd3 gxf3 18. Rdg1+ Bg4 19. Nc2 Kh7 20. Ne3 Rg8 21.
Bc2 Rg6 22. Nf5 Qf6 23. b3 Rag8 24. Qf2 Nc8 25. Re1 b6 26. Bd1 Bxf5 27. exf5
Rg3 28. Kb1 Kh8 29. Bc2 Qh6 30. Re3 Qf4 31. Rf1 Ne7 32. Rxf3 Rxf3 33. Qxf3 Qxf3
34. Rxf3 Rg4 35. f6 Ng8 36. Rf5 Rxh4 37. Bd1 Nh6 38. Rg5 Rf4 39. Bxh5 Rxf6 40.
Kc2 Rf2+ 41. Kb1 Ng8 42. Bg4 Ne7 43. Bd7 Ng6 44. Bf5 Kg7 45. Bc2 Rh2 46. Kb2 a5
47. a3 Kf6 48. Rf5+ Ke7 49. Kc3 Nf4 50. Bd1 f6 0-1

[Event "Forcing Moves Winter-1 U1600"]
[Site "Mississauga CAN"]
[Date "2023.01.28"]
[Round "1.12"]
[White "Hong, Zihan"]
[Black "Yang, Allen"]
[Result "0-1"]
[WhiteElo "1043"]
[BlackElo "1570"]
[PlyCount "100"]
[EventDate "2023.01.28"]
[EventType "swiss"]
[EventRounds "5"]
[EventCountry "CAN"]

1. d4 d5 2. c4 e6 3. Nc3 Nf6 4. Bf4 Bd6 5. Bxd6 Qxd6 6. e3 O-O 7. Bd3 c5 8.
Nge2 Nc6 9. Rc1 b6 10. cxd5 exd5 11. dxc5 bxc5 12. Nb5 Qe7 13. a3 Bb7 14. Qc2
a6 15. Nbc3 g6 16. Nf4 Rfd8 17. O-O Ne5 18. Rfd1 Nxd3 19. Nxd3 d4 20. exd4 cxd4
21. Re1 Qd6 22. Ne2 Rac8 23. Qd2 Rxc1 24. Rxc1 Ne4 25. Qa5 Rd7 26. f3 Nf6 27.
Nc5 Re7 28. Nxb7 Rxb7 29. Qd2 d3 30. Nf4 Qd4+ 31. Kf1 Rxb2 32. Rc8+ Kg7 33. Rc7
Rb1+ 34. Rc1 Rxc1+ 35. Qxc1 d2 36. Qd1 Qxf4 37. g3 Qc4+ 38. Kf2 Qc1 39. Ke2
Qxd1+ 40. Kxd1 Nd7 41. Kxd2 Kf6 42. Kd3 Ke5 43. f4+ Kd5 44. h3 f5 45. g4 h5 46.
g5 a5 47. h4 Kc5 48. Kc3 a4 49. Kd3 Nb6 50. Kc3 Nd5+ 0-1

[Event "Forcing Moves Winter-1 U1600"]
[Site "Mississauga CAN"]
[Date "2023.01.28"]
[Round "1.14"]
[White "Sreekumar, Gayathri"]
[Black "Ambilwade, Ojal"]
[Result "1/2-1/2"]
[WhiteElo "980"]
[BlackElo "1482"]
[PlyCount "103"]
[EventDate "2023.01.28"]
[EventType "swiss"]
[EventRounds "5"]
[EventCountry "CAN"]

1. d4 Nf6 2. c4 e6 3. Nf3 Bb4+ 4. Bd2 Bxd2+ 5. Qxd2 d5 6. g3 b6 7. Bg2 Bb7 8.
O-O O-O 9. Nc3 Nbd7 10. Qc2 Rc8 11. Rfd1 Qe7 12. b3 Rfd8 13. Rac1 c5 14. a4
dxc4 15. bxc4 cxd4 16. Rxd4 Nc5 17. e3 e5 18. Rxd8+ Rxd8 19. Rd1 e4 20. Rxd8+
Qxd8 21. Nd4 Qe7 22. Ncb5 a6 23. Nf5 Qe5 24. Nbd6 Bc6 25. Qd2 Nd3 26. Qa2 Bd7
27. Bh3 Nc5 28. a5 Bxf5 29. Nxf5 Qc7 30. axb6 Qxb6 31. Ne7+ Kf8 32. Nc8 Qb4 33.
Qa1 Nd3 34. Bf1 Qb2 35. Qxb2 Nxb2 36. c5 Nd3 37. c6 Nd5 38. Bh3 Nc7 39. Kf1 a5
40. Nb6 Nc5 41. Nc4 Ke7 42. Nxa5 Kd6 43. Ke2 g6 44. g4 f6 45. Kd2 Nd3 46. f3
Nf2 47. Bg2 exf3 48. Bxf3 Nh3 49. Nb7+ Ke5 50. Kd3 Ng5 51. Bg2 Nge6 52. Kc4
1/2-1/2

[Event "Forcing Moves Winter-1 U1600"]
[Site "Mississauga CAN"]
[Date "2023.01.28"]
[Round "1.15"]
[White "Biong, Mark Anthony"]
[Black "Sexton, Joey"]
[Result "1-0"]
[WhiteElo "1370"]
[BlackElo "951"]
[PlyCount "93"]
[EventDate "2023.01.28"]
[EventType "swiss"]
[EventRounds "5"]
[EventCountry "CAN"]

1. d4 e6 2. Nf3 d5 3. g3 c5 4. c3 Nc6 5. Bg2 Nf6 6. Bg5 Be7 7. O-O Qb6 8. Qb3
Bd7 9. Qxb6 axb6 10. Bxf6 Bxf6 11. e3 c4 12. Nbd2 b5 13. a3 O-O 14. e4 Be7 15.
exd5 exd5 16. Rfe1 Rfe8 17. Ne5 Bc8 18. Bxd5 Nd8 19. Re2 Ra6 20. Rae1 Be6 21.
Bg2 g5 22. Ndf3 h5 23. Nd7 Kh7 24. d5 Bxd5 25. Nxg5+ Kh6 26. Rxe7 Rxe7 27. Rxe7
Bxg2 28. Nxf7+ Nxf7 29. Kxg2 Kg6 30. Ne5+ Kf6 31. Rxf7+ Kxe5 32. Rxb7 Rd6 33.
Rxb5+ Ke4 34. a4 Rd2 35. a5 Rd1 36. Rxh5 Ra1 37. h4 Ra2 38. Rb5 Kd3 39. h5 Rxb2
40. Rxb2 Kxc3 41. Rb8 Kd4 42. h6 c3 43. h7 c2 44. h8=Q+ Kd3 45. Qh7+ Kd2 46.
Qxc2+ Kxc2 47. a6 1-0

[Event "Forcing Moves Winter-1 U1600"]
[Site "Mississauga CAN"]
[Date "2023.01.28"]
[Round "1.16"]
[White "Barbisan, Owen"]
[Black "Pillai, Karma"]
[Result "0-1"]
[WhiteElo "832"]
[BlackElo "1364"]
[PlyCount "54"]
[EventDate "2023.01.28"]
[EventType "swiss"]
[EventRounds "5"]
[EventCountry "CAN"]

1. d4 d5 2. Bf4 Nf6 3. e3 e6 4. Nd2 a6 5. a4 Nc6 6. Ngf3 Bd6 7. Ne5 Bd7 8. c3
O-O 9. Bd3 Bxe5 10. dxe5 Ne8 11. Nf3 f6 12. h4 fxe5 13. Bxe5 Rxf3 14. Qxf3 Nxe5
15. Bxh7+ Kxh7 16. Qh5+ Kg8 17. Qxe5 Nd6 18. h5 Nc4 19. Qg3 Nxb2 20. h6 Qf6 21.
h7+ Kh8 22. Kd2 Nc4+ 23. Ke2 Qxc3 24. Rad1 Qc2+ 25. Kf3 Rf8+ 26. Kg4 Qf5+ 27.
Kh4 Rf6 0-1

[Event "Forcing Moves Winter-1 U1600"]
[Site "Mississauga CAN"]
[Date "2023.01.28"]
[Round "1.17"]
[White "Sayadi, Amin"]
[Black "Deshpande, Rucha"]
[Result "1-0"]
[WhiteElo "1330"]
[BlackElo "811"]
[PlyCount "155"]
[EventDate "2023.01.28"]
[EventType "swiss"]
[EventRounds "5"]
[EventCountry "CAN"]

1. e4 e5 2. Nf3 Nc6 3. Bb5 d6 4. d4 Bd7 5. O-O Nf6 6. Re1 Be7 7. c3 O-O 8. d5
Nb8 9. Bd3 c6 10. c4 Na6 11. Nc3 Nc5 12. Bc2 Bg4 13. Re3 Qc7 14. Qd2 Qd7 15. b4
Na6 16. a3 Nc7 17. Bd1 Rfd8 18. Ne1 a6 19. Rg3 Bxd1 20. Qxd1 b5 21. Bh6 Bf8 22.
Bg5 Be7 23. Qf3 Nfe8 24. dxc6 Qe6 25. Nd5 f6 26. Nxe7+ Qxe7 27. cxb5 fxg5 28.
b6 Ne6 29. c7 N8xc7 30. bxc7 Qxc7 31. Qb3 Qf7 32. Nf3 h6 33. h4 Nf4 34. Qxf7+
Kxf7 35. Kf1 gxh4 36. Nxh4 g6 37. Rf3 d5 38. exd5 Rxd5 39. g3 g5 40. gxf4 gxh4
41. fxe5+ Ke6 42. Re1 Rxe5 43. Rxe5+ Kxe5 44. Rh3 Rh8 45. Rxh4 Kf5 46. a4 Kg5
47. Rc4 h5 48. Kg2 h4 49. b5 axb5 50. axb5 Rb8 51. Rb4 Kh5 52. Kh3 Kg5 53. Rxh4
Rxb5 54. f4+ Kg6 55. Kg4 Rb4 56. Rh3 Rb5 57. Rc3 Rb4 58. Rc6+ Kg7 59. Kg5 Rb5+
60. f5 Kf7 61. Rc7+ Kf8 62. Kg6 Rb6+ 63. f6 Re6 64. Rc8+ Re8 65. Rxe8+ Kxe8 66.
Kg7 Kd7 67. f7 Kc6 68. f8=Q Kd5 69. Qe7 Kc6 70. Qe5 Kb6 71. Qd5 Ka7 72. Qc6 Kb8
73. Kf7 Ka7 74. Ke7 Kb8 75. Kd7 Ka7 76. Qb5 Ka8 77. Kc7 Ka7 78. Qb7# 1-0

[Event "Forcing Moves Winter-1 U1600"]
[Site "Mississauga CAN"]
[Date "2023.01.28"]
[Round "1.18"]
[White "Zheng, Kingsley"]
[Black "Yang, Lucy"]
[Result "1/2-1/2"]
[WhiteElo "802"]
[BlackElo "1321"]
[PlyCount "80"]
[EventDate "2023.01.28"]
[EventType "swiss"]
[EventRounds "5"]
[EventCountry "CAN"]

1. e4 c5 2. Nf3 Nc6 3. d4 cxd4 4. Nxd4 Nf6 5. Nc3 e5 6. Nf3 Bb4 7. Bb5 d6 8.
Qd3 h6 9. a3 Ba5 10. O-O O-O 11. h3 a6 12. Ba4 Bc7 13. Nh4 Nd4 14. Be3 Nc6 15.
Nf5 Bxf5 16. exf5 Ne7 17. Rfe1 d5 18. Bc5 Bd6 19. Bb4 Bxb4 20. axb4 e4 21. Qd2
Nxf5 22. Rad1 Ne7 23. Bb3 Qb6 24. Nxd5 Nexd5 25. Bxd5 Nxd5 26. Qxd5 Qxb4 27. b3
Rfe8 28. Re3 Rac8 29. Rd4 Qb5 30. Rexe4 Qxd5 31. Rxe8+ Rxe8 32. Rxd5 Re1+ 33.
Kh2 Re2 34. Rd8+ Kh7 35. Rd7 Rxf2 36. Rxb7 Rxc2 37. Rxf7 Rc6 38. Rb7 Kg6 39.
Kg3 Kf6 40. Kf4 g5+ 1/2-1/2

[Event "Forcing Moves Winter-1 U1600"]
[Site "Mississauga CAN"]
[Date "2023.01.28"]
[Round "1.19"]
[White "Li, Allen"]
[Black "Pillai, Arya"]
[Result "1-0"]
[WhiteElo "1277"]
[BlackElo "799"]
[PlyCount "55"]
[EventDate "2023.01.28"]
[EventType "swiss"]
[EventRounds "5"]
[EventCountry "CAN"]

1. e4 e5 2. Nf3 Nc6 3. Bc4 Bc5 4. O-O d6 5. h3 Bd7 6. d3 Nf6 7. Nc3 h6 8. Re1
O-O 9. Be3 Bxe3 10. Rxe3 Nd4 11. Re1 a6 12. a3 Bxh3 13. gxh3 Qd7 14. Re3 Qxh3
15. Nxd4 Qg4+ 16. Qxg4 Nxg4 17. Rg3 exd4 18. Nd5 c6 19. Ne7+ Kh8 20. Rxg4 b5
21. Ba2 c5 22. Nf5 Rad8 23. Rxg7 Rg8 24. Rxg8+ Rxg8+ 25. Kf1 Rg6 26. Bxf7 Rf6
27. Bd5 Rg6 28. Ke2 1-0

[Event "Forcing Moves Winter-1 U1600"]
[Site "Mississauga CAN"]
[Date "2023.01.28"]
[Round "2.12"]
[White "Yang, Allen"]
[Black "Li, Allen"]
[Result "1-0"]
[WhiteElo "1570"]
[BlackElo "1277"]
[PlyCount "100"]
[EventDate "2023.01.28"]
[EventType "swiss"]
[EventRounds "5"]
[EventCountry "CAN"]

1. d4 d5 2. c4 c6 3. Nc3 Nf6 4. Nf3 Bf5 5. cxd5 Nxd5 6. Qb3 Bc8 7. e4 Nxc3 8.
bxc3 e6 9. Be2 Be7 10. O-O O-O 11. Bf4 Bd6 12. Bg3 Bxg3 13. hxg3 Nd7 14. Rfe1
Qb6 15. Rad1 Qxb3 16. axb3 Re8 17. c4 Nf6 18. Bf1 Rd8 19. d5 cxd5 20. cxd5 exd5
21. exd5 Bg4 22. Bc4 Bxf3 23. gxf3 Rd6 24. Re7 Rb8 25. b4 Kf8 26. Rc7 Ne8 27.
Rc5 b6 28. Rc6 Rbd8 29. Ra1 Nf6 30. Rxa7 Nxd5 31. Bxd5 Rxd5 32. Rxb6 Rd1+ 33.
Kg2 R1d7 34. Rbb7 Rxb7 35. Rxb7 Ke8 36. f4 Rd7 37. Rxd7 Kxd7 38. Kf3 Kc6 39.
Ke4 Kd6 40. f5 f6 41. Kd4 h5 42. b5 Kc7 43. Kc5 Kb7 44. b6 Kb8 45. Kc6 Kc8 46.
b7+ Kb8 47. f3 h4 48. gxh4 g5 49. fxg6 f5 50. g7 f4 1-0

[Event "Forcing Moves Winter-1 U1600"]
[Site "Mississauga CAN"]
[Date "2023.01.28"]
[Round "2.13"]
[White "Chen, Richard"]
[Black "Biong, Mark Anthony"]
[Result "1-0"]
[WhiteElo "1248"]
[BlackElo "1370"]
[PlyCount "137"]
[EventDate "2023.01.28"]
[EventType "swiss"]
[EventRounds "5"]
[EventCountry "CAN"]

1. d4 d5 2. Bf4 Nf6 3. Nf3 g6 4. e3 Bg4 5. Nbd2 Bg7 6. Bd3 c6 7. h3 Bxf3 8.
Nxf3 O-O 9. O-O Nbd7 10. c3 Qb6 11. Qb3 Qxb3 12. axb3 Rfe8 13. Ra4 Nh5 14. Bc7
e5 15. dxe5 Nxe5 16. Be2 Nxf3+ 17. Bxf3 Nf6 18. Rfa1 Re7 19. Bb6 a6 20. Bc5 Re6
21. Rb4 Nd7 22. Bd4 b5 23. Bxg7 Kxg7 24. Rf4 Ne5 25. Be2 Ree8 26. Rd4 Nd7 27.
c4 Nc5 28. Ra3 b4 29. Ra2 Nxb3 30. Rd1 Re5 31. cxd5 cxd5 32. Rxa6 Rb8 33. Bf3
Re6 34. Ra7 Rf6 35. Rxd5 Rc8 36. Bd1 Rc1 37. Kh2 Nc5 38. Rc7 Nd3 39. Rxc1 Nxc1
40. f3 Rc6 41. Rd4 Rb6 42. Kg3 Rb7 43. Kf2 Rb6 44. Ke1 Rc6 45. Kd2 b3 46. Rb4
Rc7 47. Bxb3 Nxb3+ 48. Rxb3 Kf6 49. Rc3 Rb7 50. Kc2 Kg5 51. Rc4 f5 52. b4 Re7
53. Kd3 Rd7+ 54. Rd4 Ra7 55. Rc4 Rd7+ 56. Ke2 Rb7 57. g3 Kh6 58. f4 Kh5 59. Kf3
h6 60. e4 fxe4+ 61. Rxe4 Rc7 62. b5 Rc3+ 63. Re3 Rc1 64. Rb3 g5 65. fxg5 Kxg5
66. b6 Rc8 67. b7 Rb8 68. Rb5+ Kf6 69. Kf4 1-0

[Event "Forcing Moves Winter-1 U1600"]
[Site "Mississauga CAN"]
[Date "2023.01.28"]
[Round "2.14"]
[White "Pillai, Karma"]
[Black "Lukinykh, Slava"]
[Result "0-1"]
[WhiteElo "1364"]
[BlackElo "1235"]
[PlyCount "72"]
[EventDate "2023.01.28"]
[EventType "swiss"]
[EventRounds "5"]
[EventCountry "CAN"]

1. d4 f5 2. c4 Nf6 3. Nc3 e6 4. Nf3 b6 5. a3 Bb7 6. Bf4 d5 7. e3 Nbd7 8. Be2 c5
9. cxd5 Nxd5 10. Nxd5 Bxd5 11. O-O Be7 12. Ne5 Nxe5 13. Bxe5 O-O 14. dxc5 bxc5
15. Rc1 Bd6 16. Bxd6 Qxd6 17. Qc2 Rac8 18. Rfd1 Qe5 19. Qc3 Qb8 20. Rd2 Qb7 21.
f3 Rf6 22. Qa5 c4 23. Rdc2 Rg6 24. Kf2 h5 25. b4 Qb8 26. Kg1 h4 27. Kh1 Qe5 28.
Qxa7 h3 29. g3 Be4 30. Ra2 Rd8 31. Kg1 Rxg3+ 32. Kh1 Rg2 33. f4 Rg6+ 34. Bf3
Bxf3+ 35. Rg2 Rxg2 36. fxe5 Rg6# 0-1

[Event "Forcing Moves Winter-1 U1600"]
[Site "Mississauga CAN"]
[Date "2023.01.28"]
[Round "2.15"]
[White "Singh, Udayveer"]
[Black "Sayadi, Amin"]
[Result "0-1"]
[WhiteElo "1019"]
[BlackElo "1330"]
[PlyCount "178"]
[EventDate "2023.01.28"]
[EventType "swiss"]
[EventRounds "5"]
[EventCountry "CAN"]

1. d4 d5 2. c4 e6 3. Nc3 Nf6 4. cxd5 exd5 5. Bg5 Nbd7 6. Nf3 Be7 7. e3 c6 8.
Bd3 O-O 9. Qc2 Re8 10. O-O Nf8 11. Rfe1 Ne4 12. Bxe7 Qxe7 13. Nd2 Qh4 14. Ndxe4
dxe4 15. Bxe4 Re6 16. h3 Rh6 17. Bf5 Bxf5 18. Qxf5 Rf6 19. Qc2 Re8 20. Rad1 Rg6
21. Qf5 Ree6 22. Kf1 Rg5 23. Qf4 Qh5 24. Ne4 Rf5 25. Ng3 Qxd1 26. Qxf5 Qd2 27.
Qb1 Ng6 28. Rd1 Qa5 29. a3 Nh4 30. Qd3 Rd6 31. Qe4 Ng6 32. Nf5 Re6 33. Qd3 Ne7
34. Nxe7+ Rxe7 35. e4 Qa4 36. d5 Rxe4 37. dxc6 f5 38. cxb7 Qe8 39. Qd8 Re1+ 40.
Rxe1 Qxd8 41. Rc1 Kf7 42. Kg1 Qb6 43. Rc5 Qxb7 44. Rxf5+ Ke6 45. Rf3 Qxb2 46.
Re3+ Kd5 47. Rg3 g6 48. Rg5+ Ke6 49. Rg3 Kf6 50. Rf3+ Kg7 51. Re3 a5 52. Re7+
Kh6 53. Re3 g5 54. Re6+ Kg7 55. Re7+ Kf6 56. Re3 a4 57. Rf3+ Kg6 58. Re3 Qc1+
59. Kh2 Qc6 60. Kg1 h5 61. Re1 Qd6 62. Re3 g4 63. hxg4 h4 64. g3 Qd1+ 65. Kh2
Qxg4 66. gxh4 Qxh4+ 67. Kg2 Kf5 68. Rf3+ Ke4 69. Rh3 Qg5+ 70. Rg3 Qc1 71. Rg4+
Kd3 72. Rg3+ Kc2 73. Re3 Kb2 74. Re2+ Kxa3 75. Kg3 Qd1 76. Re3+ Kb2 77. f4 Qg1+
78. Kf3 Qxe3+ 79. Kxe3 a3 80. f5 a2 81. Kf4 a1=Q 82. Kg5 Qa3 83. f6 Qf8 84. Kg6
Kc3 85. f7 Kd4 86. Kf6 Kd5 87. Kg6 Ke6 88. Kh7 Qxf7+ 89. Kh8 Qf5 0-1

[Event "Forcing Moves Winter-1 U1600"]
[Site "Mississauga CAN"]
[Date "2023.01.28"]
[Round "2.16"]
[White "Shi, Sean"]
[Black "Garg, Shlok"]
[Result "0-1"]
[WhiteElo "1189"]
[BlackElo "1264"]
[PlyCount "110"]
[EventDate "2023.01.28"]
[EventType "swiss"]
[EventRounds "5"]
[EventCountry "CAN"]

1. e4 e6 2. d4 d5 3. e5 c5 4. c3 Nc6 5. Nf3 Qb6 6. Bd3 Bd7 7. Bc2 cxd4 8. Nxd4
Nxe5 9. O-O Nf6 10. Bf4 Nc6 11. b4 Nxd4 12. Qxd4 Qxd4 13. cxd4 Bxb4 14. Nd2
Bxd2 15. Bxd2 Rc8 16. Bb3 O-O 17. Rac1 Ne4 18. Bb4 Rxc1 19. Rxc1 Rc8 20. Rxc8+
Bxc8 21. Bc2 Nf6 22. Kf1 Bd7 23. Bd3 Bc6 24. Ke2 Nd7 25. Kd2 f6 26. Bd6 Kf7 27.
f4 h6 28. g4 e5 29. fxe5 fxe5 30. dxe5 Nb6 31. h4 Bd7 32. Bf5 g6 33. e6+ Bxe6
34. Bxe6+ Kxe6 35. Bf4 h5 36. gxh5 gxh5 37. Kd3 Nd7 38. a3 Ne5+ 39. Kc3 Kf5 40.
Be3 a6 41. Bg5 Nf3 42. Bd8 Ke4 43. Bg5 Nxg5 44. hxg5 Kf5 45. g6 Kxg6 46. Kd3 h4
47. Ke3 Kf5 48. Kf2 d4 49. Kg2 d3 50. Kh2 d2 51. Kh3 Kf4 52. Kg2 d1=Q 53. Kf2
Qd2+ 54. Kg1 Kf3 55. a4 Qg2# 0-1

[Event "Forcing Moves Winter-1 U1600"]
[Site "Mississauga CAN"]
[Date "2023.01.28"]
[Round "2.17"]
[White "Ambilwade, Ojal"]
[Black "Zheng, Kingsley"]
[Result "1-0"]
[WhiteElo "1482"]
[BlackElo "802"]
[PlyCount "127"]
[EventDate "2023.01.28"]
[EventType "swiss"]
[EventRounds "5"]
[EventCountry "CAN"]

1. c4 e5 2. Nc3 Nf6 3. e3 Nc6 4. Nf3 e4 5. Nd4 Bc5 6. Nb3 Bb6 7. Qc2 Ne5 8.
Nxe4 d6 9. d4 Nc6 10. Bd2 a6 11. Bd3 Bd7 12. O-O Qe7 13. c5 Ba7 14. cxd6 cxd6
15. Ng3 h5 16. Nf5 Bxf5 17. Bxf5 g6 18. Bd3 g5 19. Bxa6 g4 20. Bb5 Kf8 21. Bxc6
bxc6 22. Qxc6 Rd8 23. Ba5 Rd7 24. Qc2 h4 25. Rae1 h3 26. g3 Qe8 27. f3 Qa8 28.
Rc1 Ke7 29. Qc6 Qg8 30. fxg4 Qxg4 31. Qf3 Qg7 32. Rc7 Rxc7 33. Bxc7 Bb8 34. Qb7
Bxc7 35. Qxc7+ Nd7 36. Qc2 Qg5 37. Qf2 Rh7 38. Qf4 Qg6 39. Qf5 Qg7 40. Qe4+ Kd8
41. Na5 Rh6 42. Qa8+ Ke7 43. Nc6+ Ke6 44. Qe8+ Kd5 45. Qxd7 Qg5 46. Rf5+ Qxf5
47. Qxf5+ Kxc6 48. Qxf7 Rh8 49. d5+ Kc5 50. Qf6 Rh5 51. Qd4+ Kb5 52. a4+ Ka6
53. Qg4 Rh6 54. Qb4 Ka7 55. a5 Ka8 56. a6 Rh7 57. Qxd6 Ka7 58. b4 Rh8 59. b5
Ka8 60. Qc7 Rb8 61. d6 Rxb5 62. Qc6+ Ka7 63. Qxb5 Ka8 64. Qb7# 1-0

[Event "Forcing Moves Winter-1 U1600"]
[Site "Mississauga CAN"]
[Date "2023.01.28"]
[Round "2.18"]
[White "Yang, Lucy"]
[Black "Sreekumar, Gayathri"]
[Result "1-0"]
[WhiteElo "1321"]
[BlackElo "980"]
[PlyCount "87"]
[EventDate "2023.01.28"]
[EventType "swiss"]
[EventRounds "5"]
[EventCountry "CAN"]

1. e4 c5 2. Nf3 d6 3. Bb5+ Bd7 4. Bxd7+ Qxd7 5. O-O Nf6 6. Re1 Nc6 7. c3 g6 8.
d4 cxd4 9. cxd4 Bg7 10. Nc3 O-O 11. Bg5 Rfd8 12. Qd2 Rac8 13. Rad1 a6 14. h3 b5
15. a3 Na5 16. Qd3 Nc4 17. Rb1 a5 18. Nd2 Nxd2 19. Qxd2 b4 20. axb4 axb4 21.
Na2 b3 22. Nc3 Qa7 23. Be3 Qb7 24. f3 e5 25. d5 Qe7 26. Rec1 Nh5 27. Nb5 Rb8
28. Na7 f5 29. Nc6 Qh4 30. Bg5 Qg3 31. Nxd8 f4 32. Ne6 h6 33. Nxg7 Kxg7 34. Be7
Re8 35. Bxd6 g5 36. Qf2 Kf6 37. Qxg3 Nxg3 38. Kf2 Ra8 39. Ra1 Rg8 40. Ra7 h5
41. Rc6 g4 42. Be7+ Kf7 43. Bh4+ Kf8 44. Rc8# 1-0

[Event "Forcing Moves Winter-1 U1600"]
[Site "Mississauga CAN"]
[Date "2023.01.28"]
[Round "2.19"]
[White "Deshpande, Rucha"]
[Black "Hong, Zihan"]
[Result "1-0"]
[WhiteElo "811"]
[BlackElo "1043"]
[PlyCount "119"]
[EventDate "2023.01.28"]
[EventType "swiss"]
[EventRounds "5"]
[EventCountry "CAN"]

1. d4 d5 2. Nf3 Nf6 3. Bf4 Bf5 4. Nc3 c6 5. e3 e6 6. a3 Bd6 7. Bg3 Bxg3 8. fxg3
Nbd7 9. Be2 Qc7 10. Qd2 Ne4 11. Nxe4 Bxe4 12. O-O h5 13. Ng5 Bg6 14. Bd3 Bxd3
15. Qxd3 Nf6 16. e4 dxe4 17. Nxe4 Nxe4 18. Qxe4 O-O-O 19. Rad1 Rhf8 20. Qe5
Qxe5 21. dxe5 f6 22. exf6 Rxf6 23. Rxd8+ Kxd8 24. Rxf6 gxf6 25. Kf2 Ke7 26. Kf3
f5 27. h3 Kf6 28. g4 hxg4+ 29. hxg4 fxg4+ 30. Kxg4 b5 31. Kh5 e5 32. Kg4 Kg6
33. g3 c5 34. Kf3 Kf5 35. g4+ Kf6 36. Ke4 Ke6 37. g5 a5 38. g6 a4 39. g7 Kf7
40. Kxe5 Kxg7 41. Kd5 b4 42. Kxc5 bxa3 43. bxa3 Kf7 44. Kb5 Ke7 45. Kxa4 Kd6
46. Kb4 Kc6 47. a4 Kc7 48. Kb5 Kb7 49. c4 Ka7 50. a5 Kb7 51. a6+ Kc7 52. c5 Kb8
53. Kb6 Ka8 54. c6 Kb8 55. c7+ Kc8 56. a7 Kd7 57. a8=Q Kd6 58. Qc6+ Ke7 59.
c8=Q Kf7 60. Q8b7+ 1-0

[Event "Forcing Moves Winter-1 U1600"]
[Site "Mississauga CAN"]
[Date "2023.01.28"]
[Round "2.21"]
[White "Pillai, Arya"]
[Black "Barbisan, Owen"]
[Result "0-1"]
[WhiteElo "799"]
[BlackElo "832"]
[PlyCount "58"]
[EventDate "2023.01.28"]
[EventType "swiss"]
[EventRounds "5"]
[EventCountry "CAN"]

1. d4 d5 2. c4 e6 3. Nc3 c5 4. Nf3 Nc6 5. Bf4 a6 6. e3 Nf6 7. Bd3 Qb6 8. O-O
Qxb2 9. Qb3 Qxb3 10. axb3 Be7 11. h3 cxd4 12. exd4 Nd7 13. Rfe1 Nb4 14. Re3
Nxd3 15. Rxd3 dxc4 16. bxc4 O-O 17. Ne4 Nf6 18. Bg5 Nxe4 19. Bxe7 Re8 20. Re1
Nxf2 21. Kxf2 Rxe7 22. d5 f6 23. dxe6 Bxe6 24. Rd6 Rae8 25. Nd4 Bxc4 26. Rxe7
Rxe7 27. Rd8+ Kf7 28. Rc8 Be6 29. h4 Bxc8 0-1

[Event "Forcing Moves Winter-1 U1600"]
[Site "Mississauga CAN"]
[Date "2023.01.28"]
[Round "3.12"]
[White "Lukinykh, Slava"]
[Black "Yang, Allen"]
[Result "0-1"]
[WhiteElo "1235"]
[BlackElo "1570"]
[PlyCount "70"]
[EventDate "2023.01.28"]
[EventType "swiss"]
[EventRounds "5"]
[EventCountry "CAN"]

1. d4 Nf6 2. Bg5 d5 3. Bxf6 exf6 4. Nf3 Bd6 5. e3 O-O 6. Bd3 c5 7. c3 Nc6 8.
Nbd2 Re8 9. O-O c4 10. Bc2 f5 11. h3 Bd7 12. Qb1 Qf6 13. b3 b5 14. b4 a5 15. a3
g6 16. Qb2 Nd8 17. a4 axb4 18. axb5 bxc3 19. Qxc3 Rxa1 20. Rxa1 Bxb5 21. Qa5
Bc6 22. Nb1 f4 23. Nc3 fxe3 24. fxe3 Qe6 25. Re1 Nb7 26. Qb6 Rb8 27. e4 dxe4
28. Bxe4 Bxe4 29. Kh1 f5 30. Nb5 Qd5 31. Nc7 Bxc7 32. Qxc7 Rd8 33. Ng5 Rd7 34.
Qc8+ Kg7 35. Rf1 Bxg2+ 0-1

[Event "Forcing Moves Winter-1 U1600"]
[Site "Mississauga CAN"]
[Date "2023.01.28"]
[Round "3.13"]
[White "Sayadi, Amin"]
[Black "Chen, Richard"]
[Result "0-1"]
[WhiteElo "1330"]
[BlackElo "1248"]
[PlyCount "76"]
[EventDate "2023.01.28"]
[EventType "swiss"]
[EventRounds "5"]
[EventCountry "CAN"]

1. e4 e5 2. Nf3 Nc6 3. Bb5 a6 4. Ba4 Nf6 5. O-O Be7 6. d4 b5 7. Bb3 Nxd4 8.
Nxd4 exd4 9. Qxd4 c5 10. Bxf7+ Kxf7 11. Qe3 d6 12. f4 Rf8 13. Qe2 Kg8 14. h3
Bb7 15. e5 dxe5 16. fxe5 Qd4+ 17. Qf2 Qxf2+ 18. Rxf2 Ne4 19. Rxf8+ Rxf8 20. Be3
Rf5 21. Nd2 Nxd2 22. Bxd2 Rxe5 23. Kf2 Rd5 24. Ba5 b4 25. Re1 Bh4+ 26. g3 Rd2+
27. Kf1 Bxg3 28. Re8+ Kf7 29. Re3 Rd1+ 30. Ke2 Re1+ 31. Kd2 Rxe3 32. Kxe3 Ke6
33. c3 bxc3 34. bxc3 c4 35. Kd4 Bd5 36. Kc5 Bf2+ 37. Kb4 Kd6 38. Bd8 Kc6 0-1